Ứng dụng Liferay Portal 6.2 phát triển hệ thống thông tin quản lý tại NXBGD chi nhánh Đà Nẵng
Nghiên cứu tổng quan về Liferay Portal. Đề xuất giải pháp và xây dựng hệ thống thông tin quản lý tại NXBGD chi nhánh Đà Nẵng. Kết luận và hướng phát triển của đề tài
Na minha lista:
| Autor principal: | |
|---|---|
| Outros Autores: | |
| Formato: | Livro |
| Idioma: | Vietnamese |
| Publicado em: |
Đà Nẵng
Đại học Đà Nẵng
2016
|
| Assuntos: | |
| Tags: |
Adicionar Tag
Sem tags, seja o primeiro a adicionar uma tag!
|
| Thư viện lưu trữ: | Mạng thư viện Đại học Đà Nẵng |
|---|
| LEADER | 01739nam a2200361 4500 | ||
|---|---|---|---|
| 001 | 000024135 | ||
| 003 | 20614 | ||
| 005 | 20161221101209.0 | ||
| 008 | 161011s2016 viesd | ||
| 041 | |a vie | ||
| 082 | 1 | 4 | |a 006.786 |b PH-T |
| 100 | 1 | |a Phạm Hồng Tính | |
| 245 | 1 | |a Ứng dụng Liferay Portal 6.2 phát triển hệ thống thông tin quản lý tại NXBGD chi nhánh Đà Nẵng |c Phạm Hồng Tính ; Vũ Thị Trà hướng dẫn. |k Luận văn Thạc sĩ | |
| 260 | |a Đà Nẵng |b Đại học Đà Nẵng |c 2016 | ||
| 300 | |a 57 tr. ; phụ lục 7 tr. |c 29 cm. |e Tóm tắt | ||
| 500 | |a Luận văn thạc sĩ. Chuyên ngành: Hệ thống thông tin. Mã số: 60.48.01.04 | ||
| 520 | 3 | |a Nghiên cứu tổng quan về Liferay Portal. Đề xuất giải pháp và xây dựng hệ thống thông tin quản lý tại NXBGD chi nhánh Đà Nẵng. Kết luận và hướng phát triển của đề tài | |
| 650 | 0 | 4 | |a Hệ thống thông tin quản lý (phần mềm) |v Luận văn tốt nghiệp |x Ứng dụng Liferay Portal 6.2 |z Đà Nẵng |
| 650 | 0 | 4 | |a Liferay Portal (Software) |
| 653 | |a Hệ thống thông tin | ||
| 653 | |a Quản lý | ||
| 653 | |a Liferay Portal 6.2 | ||
| 700 | 1 | |a Vũ Thị Trà |c TS. |e Hướng dẫn | |
| OWN | |a LSP | ||
| AVA | |a UDN50 |b LSP |d 006.786 PH-T |e available |t Error 5001 Not defined in file expand_doc_bib_avail. |f 1 |g 0 |h N |i 0 |k 1 | ||
| 999 | |a From the UDN01 | ||
| AVA | |a UDN50 |b LSP |d 006.786 PH-T |e available |t Error 5001 Not defined in file expand_doc_bib_avail. |f 1 |g 0 |h N |i 0 |k 1 | ||
| TYP | |a Monograph | ||
| TYP | |a Printed language | ||
| 980 | |a Mạng thư viện Đại học Đà Nẵng | ||